[Event "Asia-ch Rapid U20 Girls"]
[Site "Jamshedpur"]
[Date "2023.09.08"]
[Round "2"]
[White "Rindhiya, V."]
[Black "Marium, Fatima"]
[Result "1-0"]
[WhiteElo "1860"]
[BlackElo "1546"]
[PlyCount "83"]
[EventDate "2023.09.08"]
[EventType "swiss (rapid)"]
[EventRounds "9"]
[EventCountry "IND"]
[SourceTitle "EXT 2024"]
[Source "ChessBase"]
[SourceDate "2023.10.10"]
[SourceVersion "1"]
[SourceVersionDate "2023.10.10"]
[SourceQuality "1"]

1. e4 e6 2. d4 d5 3. Nc3 Nf6 4. Bg5 Be7 5. e5 Nfd7 6. Bxe7 Qxe7 7. f4 a6 8. Nf3 c5 9. dxc5 Nxc5 10. Qd2 b5 11. Bd3 Bb7 12. 0-0 Nc6 13. Ne2 0-0 14. Kh1 f6 15. Ned4 Rae8 16. Rae1 f5 17. c3 Rc8 18. Rc1 Rc7 19. Rg1 Ne4 20. Qe1 Nd8 21. g4 fxg4 22. Rxg4 Nf7 23. Qe3 Nh6 24. Rg2 Nf5 25. Nxf5 Rxf5 26. Nd4 Rf7 27. Rcg1 Kh8 28. Rg4 Bc8 29. h3 b4 30. Bxe4 dxe4 31. Kh2 bxc3 32. bxc3 Bb7 33. Rd1 Bd5 34. Rg2 Qa3 35. Rc2 Rc8 36. Rb1 Rcf8 37. Ne2 Qe7 38. c4 Ba8 39. c5 Qh4 40. c6 g5 41. c7 gxf4 42. Nxf4 1-0

[Event "IND-ch (Women) 49th"]
[Site "Ahmedabad"]
[Date "2023.07.10"]
[Round "11"]
[White "Rindhiya, V."]
[Black "Anushka, Bapu Kutwal"]
[Result "1/2-1/2"]
[WhiteElo "1916"]
[BlackElo "1621"]
[PlyCount "99"]
[EventDate "2023.06.30"]
[EventType "swiss"]
[EventRounds "11"]
[EventCountry "IND"]
[SourceTitle "CBM 215 Extra"]
[Source "ChessBase"]
[SourceDate "2023.09.30"]
[SourceVersion "1"]
[SourceVersionDate "2023.09.30"]
[SourceQuality "1"]

1. e4 e5 2. Nf3 Nc6 3. Bc4 Bc5 4. c3 Nf6 5. d3 d6 6. Nbd2 a6 7. Bb3 0-0 8. h3 Be6 9. Nf1 Bxb3 10. Qxb3 d5 11. Qc2 dxe4 12. dxe4 Nh5 13. Bg5 Qe8 14. g3 f5 15. exf5 e4 16. Nh4 Ne5 17. 0-0-0 Nd3+ 18. Rxd3 exd3 19. Qxd3 Qe1+ 20. Kc2 Qxf2+ 21. Kb1 Rae8 22. Bd2 Re2 23. Kc2 Rfe8 24. a3 Nf6 25. b4 Be3 26. Nxe3 R8xe3 27. Qc4+ Kh8 28. Rd1 Ne4 29. Qd5 Rxd2+ 30. Rxd2 Rxc3+ 31. Kb2 Rb3+ 32. Kxb3 Nxd2+ 33. Kc3 Nb1+ 34. Kb3 Qxg3+ 35. Kb2 Qxh4 36. Kxb1 Qe1+ 37. Kb2 Qe2+ 38. Kb1 Qf1+ 39. Kb2 Qf2+ 40. Kb1 h6 41. Qd7 Qe1+ 42. Ka2 Qe2+ 43. Kb1 Qe4+ 44. Ka2 Qg2+ 45. Kb1 Qg1+ 46. Ka2 Qb6 47. h4 Kh7 48. Qf7 Qf2+ 49. Kb1 Qxh4 50. Qg6+ 1/2-1/2

[Event "Budapest FS06 Schev"]
[Site "Budapest"]
[Date "2023.06.10"]
[Round "7"]
[White "Farago, Sandor"]
[Black "Rindhiya, V."]
[Result "1-0"]
[WhiteElo "2123"]
[BlackElo "1764"]
[PlyCount "119"]
[EventDate "2023.06.03"]
[EventType "schev"]
[EventRounds "10"]
[EventCountry "HUN"]
[SourceTitle "EXT 2024"]
[Source "ChessBase"]
[SourceDate "2023.10.10"]
[SourceVersion "1"]
[SourceVersionDate "2023.10.10"]
[SourceQuality "1"]
[WhiteTeam "Team Higher Elo"]
[BlackTeam "Team Lower Elo"]
[WhiteTeamCountry "HUN"]
[BlackTeamCountry "HUN"]

1. e4 e5 2. Nf3 Nc6 3. Bb5 a6 4. Ba4 Nf6 5. d3 b5 6. Bb3 Be7 7. a4 Bb7 8. Nc3 b4 9. Nd5 Nxd5 10. Bxd5 d6 11. a5 Nxa5 12. Rxa5 c6 13. Bxf7+ Kxf7 14. Ra4 c5 15. c3 Bc6 16. Qb3+ Ke8 17. Ra1 bxc3 18. bxc3 Bf6 19. 0-0 Rf8 20. Re1 Qd7 21. d4 Qb7 22. Qe6+ Qe7 23. Qa2 Qf7 24. Qe2 Bb5 25. Qb2 Qc7 26. Bg5 h6 27. Bxf6 Rxf6 28. dxe5 dxe5 29. c4 Bxc4 30. Nxe5 Be6 31. Ra3 Kf8 32. f4 Kg8 33. f5 Bf7 34. Ng4 Rb6 35. Qc3 Bh5 36. Ne3 Rc6 37. Nd5 Qf7 38. h3 Qd7 39. f6 Kh7 40. Qe5 Bf7 41. Rg3 Rg8 42. fxg7 Bxd5 43. exd5 Rg6 44. Rxg6 Kxg6 45. Rf1 Kh7 46. Qe4+ Kxg7 47. Qe5+ Kh7 48. Qe4+ Kh8 49. Rf6 Qxh3 50. Rf7 Rxg2+ 51. Qxg2 Qe3+ 52. Rf2 Qe1+ 53. Qf1 Qe3 54. Qe2 Qg5+ 55. Rg2 Qc1+ 56. Kh2 Qf4+ 57. Rg3 Qh4+ 58. Kg2 Kh7 59. Qd3+ Kh8 60. Qg6 1-0

[Event "Munich Pfingst op-A 1st"]
[Site "Munich"]
[Date "2023.06.02"]
[Round "3"]
[White "Rindhiya, V."]
[Black "Tarhan, Adar"]
[Result "0-1"]
[WhiteElo "1837"]
[BlackElo "2317"]
[PlyCount "97"]
[EventDate "2023.05.31"]
[EventType "swiss"]
[EventRounds "9"]
[EventCountry "GER"]
[SourceTitle "CBM 214 Extra"]
[Source "ChessBase"]
[SourceDate "2023.07.31"]
[SourceVersion "1"]
[SourceVersionDate "2023.07.31"]
[SourceQuality "1"]

1. e4 e5 2. Nf3 Nc6 3. Bc4 Bc5 4. c3 Nf6 5. d3 d6 6. 0-0 0-0 7. Bb3 Be6 8. Nbd2 d5 9. exd5 Bxd5 10. Nc4 Re8 11. Ncxe5 Nxe5 12. Nxe5 Bxb3 13. Qxb3 Bxf2+ 14. Rxf2 Rxe5 15. Bf4 Re6 16. Qxb7 Nd5 17. Qb5 Nxf4 18. Rxf4 Rb8 19. Qf5 Rf6 20. Qe5 Rxf4 21. Qxf4 Rxb2 22. Rf1 Qd5 23. Qg4 g6 24. c4 Qc5+ 25. Kh1 Qf2 26. Rg1 Kg7 27. a4 Rd2 28. Qd7 Qc5 29. Qh3 Qd4 30. Qg3 Rxd3 31. Qe1 Rc3 32. Rf1 Rxc4 33. a5 Rc5 34. h3 Re5 35. Qc1 c5 36. Qb1 c4 37. Qb7 Rf5 38. Rxf5 gxf5 39. Qc7 c3 40. Kh2 h5 41. a6 h4 42. Qc8 Qd6+ 43. Kh1 Qd1+ 44. Kh2 c2 45. Qc3+ Kg6 46. Qc6+ Kg5 47. Qc3 c1Q 48. Qg7+ Kf4 49. g3+ 0-1

[Event "Commonwealth-ch"]
[Site "Waskaduwa"]
[Date "2022.11.15"]
[Round "2"]
[White "Iniyan, Panneerseluam"]
[Black "Rindhiya, V."]
[Result "1-0"]
[WhiteElo "2534"]
[BlackElo "1971"]
[PlyCount "89"]
[EventDate "2022.11.14"]
[EventType "swiss"]
[EventRounds "9"]
[EventCountry "SRI"]
[SourceTitle "CBM 211 Extra"]
[Source "ChessBase"]
[SourceDate "2023.01.31"]
[SourceVersion "1"]
[SourceVersionDate "2023.01.31"]
[SourceQuality "1"]

1. d4 Nf6 2. c4 e6 3. Nf3 Bb4+ 4. Bd2 Qe7 5. g3 Bxd2+ 6. Qxd2 d6 7. Bg2 0-0 8. Nc3 e5 9. 0-0 Bg4 10. h3 Bxf3 11. Bxf3 c6 12. Bg2 Nbd7 13. Rad1 Rad8 14. Qe3 Rfe8 15. dxe5 dxe5 16. Na4 Qb4 17. b3 a5 18. c5 e4 19. Rd4 Nd5 20. Qd2 Qxd2 21. Rxd2 f5 22. Rfd1 Rb8 23. Rd4 Re5 24. f4 Re7 25. e3 b5 26. cxb6 N7xb6 27. Nxb6 Rxb6 28. Kf2 Rb4 29. Bf1 Nc3 30. Rd8+ Kf7 31. R1d6 g6 32. Bc4+ Nd5 33. Rxc6 Rxc4 34. Rxc4 Nb4 35. a3 Nd3+ 36. Ke2 Rb7 37. Rc3 a4 38. b4 Ke7 39. Ra8 Rd7 40. Rc2 h6 41. Rxa4 g5 42. Ra5 gxf4 43. gxf4 Rd8 44. Ra7+ Ke6 45. b5 1-0

[Event "Wch U18 Girls"]
[Site "Mamaia"]
[Date "2022.09.16"]
[Round "11"]
[White "Rindhiya, V."]
[Black "Zeliantsova, Kseniya"]
[Result "0-1"]
[WhiteElo "1786"]
[BlackElo "2056"]
[PlyCount "66"]
[EventDate "2022.09.06"]
[EventType "swiss"]
[EventRounds "11"]
[EventCountry "ROU"]
[SourceTitle "CBM 210 Extra"]
[Source "ChessBase"]
[SourceDate "2022.11.30"]
[SourceVersion "1"]
[SourceVersionDate "2022.11.30"]
[SourceQuality "1"]

1. e4 d6 2. d4 Nf6 3. Nc3 g6 4. f4 Bg7 5. Nf3 0-0 6. Bd3 Nc6 7. 0-0 e5 8. fxe5 dxe5 9. d5 Ne7 10. Nxe5 c6 11. Bg5 cxd5 12. exd5 Qb6+ 13. Kh1 Qxb2 14. Qe1 Nfxd5 15. Bxe7 Nxe7 16. Nxf7 Nf5 17. Bc4 Bxc3 18. Qe4 Qb6 19. g4 Bxa1 20. gxf5 Bxf5 21. Ng5+ Kh8 22. Qh4 Qc7 23. Rxa1 Qg7 24. Re1 h5 25. Nf7+ Rxf7 26. Bxf7 Qxf7 27. Re7 Qd5+ 28. Kg1 Qd1+ 29. Kf2 Rf8 30. Qf4 Qxc2+ 31. Ke1 Qc3+ 32. Kf2 Qc5+ 33. Re3 Bg4 0-1